Media in church and mission : (Record no. 1228)

MARC details
000 -LEADER
fixed length control field 01009cam a2200265 a 4500
001 - CONTROL NUMBER
control field 2051124
003 - CONTROL NUMBER IDENTIFIER
control field GBCCL
005 - DATE AND TIME OF LATEST TRANSACTION
control field 20241126110356.0
008 - FIXED-LENGTH DATA ELEMENTS--GENERAL INFORMATION
fixed length control field 930521s1993 caua b 001 0 eng
010 ## -
-- 93024029
020 ## - INTERNATIONAL STANDARD BOOK NUMBER
International Standard Book Number 0878082425 (pbk.)
040 ## - CATALOGING SOURCE
Original cataloging agency DLC
Transcribing agency DLC
Modifying agency DLC
-- OCoLC
-- DLC
050 00 -
-- BV4319
-- .S645 1993
082 00 - DEWEY DECIMAL CLASSIFICATION NUMBER
Classification number 254.3
Edition information 20
Item number SOG
100 1# - MAIN ENTRY--PERSONAL NAME
Personal name Søgaard, Viggo.
9 (RLIN) 2308
245 10 - TITLE STATEMENT
Title Media in church and mission :
Remainder of title communicating the Gospel /
Statement of responsibility, etc. Viggo Søgaard.
260 ## - PUBLICATION, DISTRIBUTION, ETC.
Place of publication, distribution, etc. Pasadena, Calif. :
Name of publisher, distributor, etc. W. Carey Library,
Date of publication, distribution, etc. c1993.
300 ## - PHYSICAL DESCRIPTION
Extent xiv, 287 p. :
Other physical details ill. ;
Dimensions 23 cm.
504 ## - BIBLIOGRAPHY, ETC. NOTE
Bibliography, etc. note Includes bibliographical references (p. 274-283) and index.
650 #0 - SUBJECT ADDED ENTRY--TOPICAL TERM
Topical term or geographic name entry element Communication
General subdivision Religious aspects
-- Christianity.
9 (RLIN) 1427
650 #0 - SUBJECT ADDED ENTRY--TOPICAL TERM
Topical term or geographic name entry element Mass media
General subdivision Religious aspects
-- Christianity.
9 (RLIN) 2309
906 ## - LOCAL DATA ELEMENT F, LDF (RLIN)
a 7
b cbc
c orignew
d 1
e ocip
f 19
g y-gencatlg
942 ## - ADDED ENTRY ELEMENTS (KOHA)
Source of classification or shelving scheme Dewey Decimal Classification
Koha item type Books
Koha issues (borrowed), all copies 17
Holdings
Withdrawn status Lost status Source of classification or shelving scheme Damaged status Not for loan Home library Current Library Shelving location Date acquired Total checkouts Total renewals Full call number Barcode Date last seen Date last checked out Copy number Price effective from Koha item type
    Dewey Decimal Classification     GRACE BIBLE COLLEGE GRACE BIBLE COLLEGE Ministry & Mission 2017-04-21 12 3 254.3 SOG 013137 2025-05-01 2024-01-20 c.1 2017-04-21 Books
    Dewey Decimal Classification     GRACE BIBLE COLLEGE GRACE BIBLE COLLEGE Ministry & Mission 2017-11-22 8 1 254.3 SOG 013138 2025-09-19 2025-09-18 c.2 2017-11-22 Books
© Grace Bible College Library 2025